000 00975nam a2200265Ia 4500
003 OSt
005 20220918110919.0
006 a|||||r|||| 00| 0
007 ta
008 220915b |||||||| |||| 00| 0 hin d
020 _a9789380146270 (hbk)
_c495
024 _a279601
037 _b144, 30/08/2012, Eastern Book Linkers
_cReference Collections
040 _aARTS
_cARTS
_bhin
041 _2hin
_ahin
082 _aO152,6NMIx, Q0.1-.2(RR)
100 _aमिश्र, गोविन्द
245 0 _aरंगों की गधं
246 _aRangoan kī gadhan
260 _aनई दिल्ली
_bकिताबघर प्रकाशन भारत
_c2010
490 _vखंड 1
650 _aहिन्दी साहित्य
942 _hO152,6NMIx, Q0.1-.2(RR)
_cREF
999 _c115694
_d115694